X. slovensko-poľsko-ukrajinský vedecký seminár "Výučba kvantitatívnych matematicko-štatistických metód na ekonomických univerzitách vzhľadom na potreby budúcnosti"

Salvato in:
Dettagli Bibliografici
Autore principale: Sodomová, Eva
Natura: Capitolo di libro
Lingua:slovacco
Tags: Aggiungi Tag
Nessun Tag, puoi essere il primo ad aggiungerne!!

MARC

LEADER 00000naa$a2200000$$$4500
001 0063383
005 20240502071729.2
041 0 |a slo 
044 |a SK 
245 1 0 |a X. slovensko-poľsko-ukrajinský vedecký seminár "Výučba kvantitatívnych matematicko-štatistických metód na ekonomických univerzitách vzhľadom na potreby budúcnosti"  |c Eva Sodomová 
100 1 |a Sodomová, Eva